000 00523cam a22001932a 4500
001 000066
003 AR-FADEU
008 311216n1971####xxu####################dd
092 _a361.1
_bC397
110 _aOrgao do Centro Brasileiro de Cooperacao e Intercambio de Servicos Sociales
245 _aFuncoes do Servico Social
260 _aRío de Janeiro
260 _bCBCISS
260 _c1971
300 _a216 p
440 _aSuplemento de debates sociais
_n5
650 _aSERVICIO SOCIAL-FUNCION
942 _cBDGR
999 _c5911
_d5911